[Event "Quebec-ch"]
[Site "Montreal CAN"]
[Date "1984.06.01"]
[Round "3"]
[White "Martinez, Jean-Francois"]
[Black "Hebert, Jean"]
[Result "1/2-1/2"]
[WhiteElo "1948"]
[BlackElo "2382"]
[PlyCount "98"]
[GameId "2160767912784873"]
[EventDate "1984.05.30"]
[EventType "tourn"]
[EventRounds "10"]
[EventCountry "CAN"]

1. d4 Nf6 2. Nf3 e6 3. Bg5 Be7 4. Nbd2 c5 5. e4 cxd4 6. e5 Nd5 7. Bxe7 Qxe7 8. Nxd4 f6 9. c4 fxe5 10. Nb5 a6 11. Qh5+ g6 12. Qxe5 O-O 13. cxd5 axb5 14. Bd3 Qc5 15. Ne4 Qxd5 16. Qxd5 exd5 17. Nc3 Nc6 18. Nxd5 b4 19. O-O Ra5 20. Bc4 Kg7 21. Rad1 Rc5 22. Nb6 Ne5 23. Bb3 g5 24. h4 h6 25. hxg5 hxg5 26. Rfe1 g4 27. Rd5 Rxd5 28. Bxd5 d6 29. Nxc8 Rxc8 30. Re4 Rc5 31. Bxb7 g3 32. fxg3 b3 33. axb3 Rb5 34. Ba6 Rxb3 35. Re2 Rxg3 36. Rf2 Rb3 37. Rd2 Rb6 38. Be2 Kf6 39. Kf2 Ke6 40. Kg3 Rb4 41. Kh3 d5 42. g4 d4 43. Kg3 d3 44. Bxd3 Rxg4+ 45. Kf2 Rd4 46. Ke3 Rxd3+ 47. Rxd3 Nxd3 48. Kxd3 Kd5 49. b4 Kc6 1/2-1/2

[Event "Quebec-ch"]
[Site "Montreal CAN"]
[Date "1984.06.02"]
[Round "4"]
[White "Hebert, Jean"]
[Black "Kopec, Danny"]
[Result "1-0"]
[WhiteElo "2382"]
[BlackElo "2309"]
[PlyCount "67"]
[GameId "2160767912784877"]
[EventDate "1984.05.30"]
[EventType "tourn"]
[EventRounds "10"]
[EventCountry "CAN"]

1. d4 Nf6 2. Nf3 b6 3. g3 e6 4. Bg2 Bb7 5. O-O c5 6. c4 cxd4 7. Qxd4 d6 8. Nc3 Be7 9. b3 O-O 10. e4 a6 11. Rd1 Nc6 12. Qe3 Rc8 13. Bb2 Nd7 14. Rac1 Re8 15. Ba3 Qc7 16. Nd5 exd5 17. cxd5 Nc5 18. dxc6 Bxc6 19. Nd4 a5 20. Nf5 Bf8 21. Qg5 Bxe4 22. Bxe4 Nxe4 23. Nh6+ Kh8 24. Qd5 gxh6 25. Rxc7 Rxc7 26. Bb2+ Kg8 27. Qd4 f6 28. Re1 Rce7 29. Qd5+ Kg7 30. Qf5 d5 31. f3 Re6 32. fxe4 Bc5+ 33. Kg2 dxe4 34. Rxe4 1-0

[Event "Quebec-ch"]
[Site "Montreal CAN"]
[Date "1984.06.03"]
[Round "5"]
[White "Leveille, Francois"]
[Black "Hebert, Jean"]
[Result "1-0"]
[WhiteElo "2225"]
[BlackElo "2382"]
[PlyCount "59"]
[GameId "2160767912784882"]
[EventDate "1984.05.30"]
[EventType "tourn"]
[EventRounds "10"]
[EventCountry "CAN"]

1. Nf3 Nf6 2. c4 c5 3. Nc3 Nc6 4. d4 cxd4 5. Nxd4 e5 6. Nxc6 bxc6 7. g3 Bb4 8. Bg2 O-O 9. Qc2 Ba6 10. b3 d5 11. O-O h6 12. Rd1 Rc8 13. e3 Qa5 14. Bb2 Rfd8 15. Bh3 Rb8 16. a3 Bd6 17. b4 Qc7 18. cxd5 cxd5 19. Rac1 Qb7 20. Rd2 Bc4 21. Qd1 Qe7 22. Bg2 e4 23. Nxd5 Bxd5 24. Bxf6 Qxf6 25. Rxd5 a5 26. Rc6 axb4 27. Rcxd6 Rxd6 28. Rxd6 Qe7 29. axb4 Rxb4 30. Rd4 1-0

[Event "Quebec-ch"]
[Site "Montreal CAN"]
[Date "1984.06.04"]
[Round "6"]
[White "Hebert, Jean"]
[Black "Williams, Leo"]
[Result "1/2-1/2"]
[WhiteElo "2382"]
[BlackElo "2084"]
[PlyCount "90"]
[GameId "2160767912784886"]
[EventDate "1984.05.30"]
[EventType "tourn"]
[EventRounds "10"]
[EventCountry "CAN"]

1. c4 Nf6 2. Nc3 d5 3. cxd5 Nxd5 4. g3 g6 5. Bg2 Nb6 6. h4 h6 7. d3 Bg7 8. Bd2 N8d7 9. b4 Nf6 10. Rb1 e5 11. Qc1 Nbd5 12. Nf3 Ng4 13. Nxd5 Qxd5 14. Qxc7 Qxa2 15. O-O O-O 16. Ra1 Qe6 17. Bc3 Re8 18. Nd2 Re7 19. Qc4 Qb6 20. Qc5 Qxc5 21. bxc5 Rc7 22. Bb4 Be6 23. Rfc1 e4 24. Nxe4 Bxa1 25. Rxa1 Bd5 26. d4 b6 27. Nc3 Bxg2 28. Kxg2 bxc5 29. Bxc5 Nf6 30. Ra6 Nd7 31. Na4 Nxc5 32. Nxc5 Rb8 33. Kf3 Rb6 34. Ra5 Rf6+ 35. Kg2 Rd6 36. e3 Rb6 37. f4 f5 38. Kf3 Re7 39. Ra3 Kf7 40. g4 Rb1 41. gxf5 gxf5 42. Nd3 Rb6 43. Ra1 Kf6 44. Ne5 Rd6 45. Ra4 Rc7 1/2-1/2

[Event "Quebec-ch"]
[Site "Montreal CAN"]
[Date "1984.06.05"]
[Round "7"]
[White "Bolduc, Steve"]
[Black "Hebert, Jean"]
[Result "0-1"]
[WhiteElo "2042"]
[BlackElo "2382"]
[PlyCount "57"]
[GameId "2160767912784890"]
[EventDate "1984.05.30"]
[EventType "tourn"]
[EventRounds "10"]
[EventCountry "CAN"]

1. e4 c5 2. Nf3 e6 3. d4 cxd4 4. Nxd4 Nf6 5. Bd3 Nc6 6. Nxc6 bxc6 7. e5 Qa5+ 8. Nc3 Qxe5+ 9. Qe2 Qxe2+ 10. Kxe2 d5 11. f4 Bd6 12. Re1 O-O 13. Kf3 Re8 14. h3 Bd7 15. g4 Rab8 16. Rb1 c5 17. g5 Nh5 18. b3 Bc6 19. Kg4 g6 20. Bd2 f5+ 21. gxf6 Nxf6+ 22. Kh4 Nh5 23. Rf1 e5 24. f5 Be7+ 25. Kg4 Rb4+ 26. Ne4 dxe4 27. Bc4+ Kg7 28. Bxb4 cxb4 29. fxg6 0-1

[Event "Quebec-ch"]
[Site "Montreal CAN"]
[Date "1984.06.06"]
[Round "8"]
[White "Alain, Benoit"]
[Black "Hebert, Jean"]
[Result "0-1"]
[WhiteElo "2028"]
[BlackElo "2382"]
[PlyCount "90"]
[GameId "2160767912784895"]
[EventDate "1984.05.30"]
[EventType "tourn"]
[EventRounds "10"]
[EventCountry "CAN"]

1. d4 Nf6 2. c4 e6 3. g3 c5 4. d5 exd5 5. cxd5 d6 6. Nc3 g6 7. Bg2 Bg7 8. Nf3 O-O 9. O-O Re8 10. Nd2 a6 11. a4 Nbd7 12. Ra2 Rb8 13. a5 Ne5 14. h3 Nh5 15. Kh2 f5 16. f4 Nf7 17. e4 Nf6 18. Re1 fxe4 19. Ndxe4 Nxe4 20. Nxe4 Bf5 21. b4 c4 22. Be3 Bxe4 23. Bb6 Qf6 24. Rae2 Qc3 25. Rxe4 Rxe4 26. Rxe4 Rc8 27. Qg4 Rf8 28. Qe2 Qd3 29. Bf1 Qxe2+ 30. Bxe2 c3 31. Rc4 Nh6 32. Bd3 g5 33. fxg5 Nf7 34. Rc7 Ne5 35. Be4 Nf3+ 36. Kg2 Nxg5 37. Bd3 Nf3 38. Kf2 Ne5+ 39. Ke2 Nxd3 40. Kxd3 Rf3+ 41. Kc2 Rxg3 42. Rxb7 Rxh3 43. Rxg7+ Kxg7 44. b5 axb5 45. a6 Rh2+ 0-1

[Event "Quebec-ch"]
[Site "Montreal CAN"]
[Date "1984.06.07"]
[Round "9"]
[White "Hebert, Jean"]
[Black "Vallieres, Mario"]
[Result "1-0"]
[WhiteElo "2382"]
[BlackElo "2042"]
[PlyCount "93"]
[GameId "2160767912784901"]
[EventDate "1984.05.30"]
[EventType "tourn"]
[EventRounds "10"]
[EventCountry "CAN"]

1. e4 Nf6 2. e5 Nd5 3. Bc4 e6 4. d4 Nb6 5. Bd3 d5 6. Nf3 Be7 7. O-O Na6 8. c3 c5 9. a3 c4 10. Bc2 Bd7 11. g3 Bc6 12. a4 h6 13. Ne1 Qc7 14. f4 O-O-O 15. f5 Nc5 16. Be3 Ne4 17. a5 Nd7 18. fxe6 fxe6 19. Qg4 Bg5 20. Bxg5 hxg5 21. Nf3 Rh6 22. Nxg5 Nxg5 23. Qxg5 Rdh8 24. Rf2 Nf8 25. Nd2 Be8 26. Raf1 Nh7 27. Bxh7 R6xh7 28. Rf8 Qd8 29. Qxd8+ Kxd8 30. Rxh8 Rxh8 31. Nf3 Ke7 32. Ng5 Bg6 33. g4 a6 34. Ra1 Bc2 35. Kg2 Rb8 36. h4 Bg6 37. h5 Be8 38. Rh1 b5 39. h6 gxh6 40. Rxh6 Bf7 41. Rh7 Rf8 42. Kg3 Ke8 43. Kh4 Bg6 44. Rh6 Bd3 45. Rxe6+ Kd7 46. Rxa6 Rf2 47. e6+ 1-0

[Event "Quebec-ch"]
[Site "Montreal CAN"]
[Date "1984.06.08"]
[Round "10"]
[White "Levtchouk, George"]
[Black "Hebert, Jean"]
[Result "1/2-1/2"]
[WhiteElo "2243"]
[BlackElo "2382"]
[PlyCount "85"]
[GameId "2160767912784907"]
[EventDate "1984.05.30"]
[EventType "tourn"]
[EventRounds "10"]
[EventCountry "CAN"]

1. d4 Nf6 2. c4 e6 3. Nf3 c5 4. d5 exd5 5. cxd5 d6 6. Nc3 g6 7. Nd2 Bg7 8. Nc4 O-O 9. Bg5 h6 10. Bf4 Ne8 11. Qc1 g5 12. Bd2 f5 13. h4 f4 14. hxg5 hxg5 15. e3 Qf6 16. Bd3 Bf5 17. Qc2 Nd7 18. exf4 gxf4 19. O-O-O Bxd3 20. Qxd3 Qf5 21. Qxf5 Rxf5 22. Rh4 Ne5 23. Nxe5 Bxe5 24. Rdh1 Rc8 25. Ne4 Rc7 26. Bc3 Rg7 27. Rh8+ Kf7 28. Rxe8 Kxe8 29. Nxd6+ Bxd6 30. Bxg7 Rxd5 31. Rd1 Rxd1+ 32. Kxd1 Kf7 33. Bh8 Ke6 34. Ke2 b5 35. Kf3 Kd5 36. Bf6 c4 37. a3 a5 38. g4 fxg3 39. fxg3 b4 40. axb4 axb4 41. g4 Ke6 42. Bh8 c3 43. Bxc3 1/2-1/2

[Event "Quebec-ch"]
[Site "Montreal CAN"]
[Date "1984.06.10"]
[Round "11"]
[White "Hebert, Jean"]
[Black "Sasseville, Jean"]
[Result "1-0"]
[WhiteElo "2382"]
[BlackElo "2042"]
[PlyCount "69"]
[GameId "2160767912784911"]
[EventDate "1984.05.30"]
[EventType "tourn"]
[EventRounds "10"]
[EventCountry "CAN"]

1. d4 e6 2. Nf3 Nf6 3. Bg5 h6 4. Bxf6 Qxf6 5. e4 d6 6. Nc3 g6 7. h4 Bg7 8. Qd2 Nc6 9. O-O-O Bd7 10. e5 Qe7 11. exd6 cxd6 12. d5 Ne5 13. Nd4 O-O 14. f4 Ng4 15. dxe6 fxe6 16. g3 Rac8 17. Bh3 h5 18. Rhe1 a6 19. Bg2 e5 20. Bxb7 Rxc3 21. Qxc3 Qd8 22. fxe5 dxe5 23. Bd5+ Kh8 24. Ne6 Bxe6 25. Bxe6 Qb6 26. Bxg4 hxg4 27. Re4 Qf2 28. Qe1 Qc5 29. Rxg4 Rf2 30. Qe4 Bh6+ 31. Kb1 Qd6 32. Qd3 Qxd3 33. cxd3 e4 34. Rxe4 Bg7 35. d4 1-0

[Event "Quebec-ch+"]
[Site "Montreal CAN"]
[Date "1984.05.31"]
[Round "2"]
[White "Hebert, Jean"]
[Black "Pineault, Denis"]
[Result "1-0"]
[WhiteElo "2382"]
[BlackElo "2198"]
[PlyCount "47"]
[GameId "2160767912784952"]
[EventDate "1984.05.30"]
[EventType "tourn"]
[EventRounds "10"]
[EventCountry "CAN"]

1. Nf3 Nf6 2. c4 g6 3. Nc3 Bg7 4. d4 d6 5. e4 O-O 6. h3 Nbd7 7. Be3 e5 8. d5 Nc5 9. Nd2 a5 10. g4 Ne8 11. h4 f5 12. g5 f4 13. Bxc5 dxc5 14. Qf3 Nd6 15. O-O-O a4 16. Bh3 Bxh3 17. Rxh3 Qd7 18. a3 Rfb8 19. Rdh1 b5 20. cxb5 Rxb5 21. Nxb5 Nxb5 22. Qd3 Nd4 23. Kb1 Rb8 24. Qc4 1-0

[Event "Laval op"]
[Site "Laval CAN"]
[Date "1984.04.20"]
[Round "1"]
[White "Hebert, Jean"]
[Black "Takahashi, Nozumo"]
[Result "1-0"]
[WhiteElo "2378"]
[BlackElo "1829"]
[PlyCount "55"]
[GameId "2160767912785030"]
[EventDate "1984.04.20"]
[EventType "swiss"]
[EventRounds "5"]
[EventCountry "CAN"]
[SourceTitle "EXT 2022"]
[Source "ChessBase"]
[SourceDate "2021.10.06"]
[SourceVersion "1"]
[SourceVersionDate "2021.10.06"]
[SourceQuality "1"]

1. d4 Nf6 2. c4 c5 3. e3 g6 4. Nf3 Bg7 5. Nc3 O-O 6. Be2 cxd4 7. exd4 d5 8. cxd5 Nxd5 9. O-O Nc6 10. Bg5 h6 11. Be3 b6 12. Rc1 Bb7 13. Qa4 e6 14. Rfd1 Qd6 15. Nxd5 Qxd5 16. Bc4 Qe4 17. Nd2 Qg4 18. h3 Qh5 19. Bd3 f5 20. Nf3 Rac8 21. Bc4 Rfe8 22. Bb5 a6 23. Bxc6 b5 24. Bxb7 bxa4 25. Rxc8 g5 26. Rdc1 Rxc8 27. Rxc8+ Kf7 28. Bc6 1-0

[Event "Laval op"]
[Site "Laval CAN"]
[Date "1984.04.20"]
[Round "2"]
[White "Lacroix, Serge"]
[Black "Hebert, Jean"]
[Result "0-1"]
[WhiteElo "1924"]
[BlackElo "2378"]
[PlyCount "108"]
[GameId "2160767912785033"]
[EventDate "1984.04.20"]
[EventType "swiss"]
[EventRounds "5"]
[EventCountry "CAN"]
[SourceTitle "EXT 2022"]
[Source "ChessBase"]
[SourceDate "2021.10.06"]
[SourceVersion "1"]
[SourceVersionDate "2021.10.06"]
[SourceQuality "1"]

1. d4 Nf6 2. c4 e6 3. Nc3 Bb4 4. e3 c5 5. Nge2 cxd4 6. exd4 O-O 7. a3 Be7 8. Ng3 d5 9. b3 Nc6 10. Be3 dxc4 11. Bxc4 Nd5 12. Bxd5 exd5 13. O-O Be6 14. Qf3 Na5 15. Rfb1 Qd7 16. h3 Rfc8 17. Nce2 f6 18. Bd2 Nc6 19. b4 Bd6 20. Bf4 Bxf4 21. Qxf4 Ne7 22. Rc1 Rc4 23. Rxc4 dxc4 24. Ne4 b6 25. Qg3 Rf8 26. Qd6 Qxd6 27. Nxd6 Rd8 28. Nb5 Rd7 29. g4 Bd5 30. Rc1 Bf3 31. Kf1 Bxe2+ 32. Kxe2 a6 33. Nc3 Rxd4 34. Rd1 Rxd1 35. Nxd1 Nd5 36. Nb2 b5 37. Kf3 Kf7 38. Ke4 Ke6 39. f4 g6 40. f5+ gxf5+ 41. gxf5+ Kd6 42. h4 Nc3+ 43. Kd4 Ne2+ 44. Ke3 Nc3 45. Kd4 Nd5 46. Ke4 h6 47. Kd4 h5 48. Ke4 Nc3+ 49. Kd4 Ne2+ 50. Ke4 Ng3+ 51. Kf4 Kd5 52. Kxg3 Kd4 53. a4 c3 54. axb5 axb5 0-1

[Event "Laval op"]
[Site "Laval CAN"]
[Date "1984.04.21"]
[Round "3"]
[White "Hebert, Jean"]
[Black "Regnier, Alain"]
[Result "1/2-1/2"]
[WhiteElo "2378"]
[BlackElo "1888"]
[PlyCount "82"]
[GameId "2160767912785034"]
[EventDate "1984.04.20"]
[EventType "swiss"]
[EventRounds "5"]
[EventCountry "CAN"]
[SourceTitle "EXT 2022"]
[Source "ChessBase"]
[SourceDate "2021.10.06"]
[SourceVersion "1"]
[SourceVersionDate "2021.10.06"]
[SourceQuality "1"]

1. Nf3 g6 2. d4 Bg7 3. e4 c5 4. d5 d6 5. c4 Nf6 6. Nc3 O-O 7. h3 b5 8. cxb5 a6 9. bxa6 Bxa6 10. Bxa6 Nxa6 11. O-O Qa5 12. Re1 Nd7 13. Bg5 Rfe8 14. Rc1 Ne5 15. Nxe5 Bxe5 16. Re2 c4 17. f4 Bg7 18. e5 Nb4 19. Qd2 Nd3 20. Rf1 dxe5 21. f5 Rab8 22. b3 Nf4 23. Bxf4 exf4 24. Ne4 c3 25. Qxf4 Qxd5 26. Qf3 Kh8 27. Rc2 Rbc8 28. Ng5 Bd4+ 29. Kh1 Qxf3 30. Rxf3 f6 31. Ne6 Be5 32. g4 gxf5 33. gxf5 Rg8 34. Nf4 Rcd8 35. Nd3 Bd4 36. Kh2 Rg5 37. a4 Rdg8 38. Rf4 Bg1+ 39. Kh1 Rh5 40. Rf3 Bd4 41. Kh2 Rhg5 1/2-1/2

[Event "Laval op"]
[Site "Laval CAN"]
[Date "1984.04.21"]
[Round "4"]
[White "St Amand, Paul Jr"]
[Black "Hebert, Jean"]
[Result "0-1"]
[WhiteElo "2044"]
[BlackElo "2378"]
[PlyCount "108"]
[GameId "2160767912785038"]
[EventDate "1984.04.20"]
[EventType "swiss"]
[EventRounds "5"]
[EventCountry "CAN"]
[SourceTitle "EXT 2022"]
[Source "ChessBase"]
[SourceDate "2021.10.06"]
[SourceVersion "1"]
[SourceVersionDate "2021.10.06"]
[SourceQuality "1"]

1. e4 c5 2. c3 e6 3. d4 d5 4. e5 Nc6 5. Nf3 Bd7 6. Be2 Nge7 7. Na3 cxd4 8. cxd4 Nf5 9. Nc2 Nb4 10. O-O Nxc2 11. Qxc2 Qb6 12. Qb3 Bc6 13. Qxb6 axb6 14. Bd2 b5 15. a3 f6 16. Bd3 Ne7 17. Bb4 Kd7 18. Rfe1 h6 19. exf6 gxf6 20. Re2 Ng6 21. Bxg6 Bxb4 22. Bf7 Bd6 23. Bxe6+ Kc7 24. Rc2 Kb6 25. Ne1 Rhe8 26. Bf5 b4 27. Rb1 bxa3 28. bxa3+ Kc7 29. Bd3 Rxa3 30. Bb5 Kd7 31. Bxc6+ bxc6 32. Rcb2 Re4 33. f3 Re8 34. g3 h5 35. Rb7+ Bc7 36. Kf2 Rae3 37. R7b2 Ba5 38. Ng2 Rd3 39. Rb7+ Bc7 40. Nf4 Rd2+ 41. Kg1 h4 42. Nh5 Ree2 43. Nxf6+ Kc8 44. Ng4 hxg3 45. hxg3 Rxd4 46. f4 Rdd2 47. Ne5 Bxe5 48. fxe5 Rd1+ 49. Rxd1 Kxb7 50. Kf1 Rxe5 51. Kf2 c5 52. Kf3 Kc6 53. Kf4 Re8 54. g4 d4 0-1

[Event "Laval op"]
[Site "Laval CAN"]
[Date "1984.04.22"]
[Round "5"]
[White "Hebert, Jean"]
[Black "Levtchouk, George"]
[Result "1-0"]
[WhiteElo "2378"]
[BlackElo "2261"]
[PlyCount "105"]
[GameId "2160767912785040"]
[EventDate "1984.04.20"]
[EventType "swiss"]
[EventRounds "5"]
[EventCountry "CAN"]
[SourceTitle "EXT 2022"]
[Source "ChessBase"]
[SourceDate "2021.10.06"]
[SourceVersion "1"]
[SourceVersionDate "2021.10.06"]
[SourceQuality "1"]

1. Nf3 g6 2. d4 Bg7 3. e4 d6 4. c4 Nf6 5. Nc3 O-O 6. Be3 e5 7. dxe5 dxe5 8. Qxd8 Rxd8 9. Nd5 Rd7 10. Nxf6+ Bxf6 11. c5 a6 12. Bc4 Nc6 13. Ke2 Re7 14. h3 Nd4+ 15. Bxd4 exd4 16. Kd3 Bd7 17. Rhe1 Bc6 18. a4 Kf8 19. b4 Bg7 20. b5 axb5 21. Bxb5 Rxe4 22. Bxc6 Rxe1 23. Nxe1 bxc6 24. a5 Ke7 25. Ra2 Ke6 26. Kc4 Bf6 27. a6 Ra7 28. Nc2 Bg7 29. Nb4 Kd7 30. g4 Be5 31. Ra3 g5 32. Rf3 f6 33. Ra3 Bf4 34. Ra1 Bh2 35. Kxd4 Be5+ 36. Kc4 Bf4 37. Ra3 Bh2 38. Rd3+ Ke8 39. Rd2 Bf4 40. Ra2 Kd7 41. Ra1 Bh2 42. Rh1 Bf4 43. h4 gxh4 44. Rxh4 h6 45. Rh1 Ra8 46. Rd1+ Ke6 47. Nd3 Bg5 48. f4 Rxa6 49. fxg5 Ra4+ 50. Nb4 hxg5 51. Re1+ Kf7 52. Re4 f5 53. Re5 1-0

[Event "Laval op"]
[Site "Laval CAN"]
[Date "1984.04.22"]
[Round "6"]
[White "Langlois, Charles"]
[Black "Hebert, Jean"]
[Result "0-1"]
[WhiteElo "2086"]
[BlackElo "2378"]
[PlyCount "74"]
[GameId "2160767912785041"]
[EventDate "1984.04.20"]
[EventType "swiss"]
[EventRounds "5"]
[EventCountry "CAN"]
[SourceTitle "EXT 2022"]
[Source "ChessBase"]
[SourceDate "2021.10.06"]
[SourceVersion "1"]
[SourceVersionDate "2021.10.06"]
[SourceQuality "1"]

1. e4 c5 2. Nf3 e6 3. d4 cxd4 4. Nxd4 Nc6 5. Nc3 a6 6. g3 Qc7 7. Bg2 Nf6 8. O-O Be7 9. Re1 Nxd4 10. Qxd4 Bc5 11. Qd1 d6 12. Be3 h6 13. Qe2 e5 14. Rad1 Be6 15. a3 Rc8 16. Bxc5 Qxc5 17. Qe3 Ke7 18. Rd2 Qxe3 19. Rxe3 g5 20. Red3 Rc6 21. Nd1 Nd7 22. Ne3 Nc5 23. Rc3 Rhc8 24. Kf1 b5 25. Ke1 h5 26. Kd1 a5 27. b4 axb4 28. axb4 Na4 29. Rxc6 Rxc6 30. Kc1 Nc3 31. Kb2 Na4+ 32. Kc1 Ra6 33. Rd3 Nb6 34. Kb1 Ra4 35. c3 Ra3 36. Nd1 Na4 37. h3 f5 0-1

[Event "Hiver/Winter op"]
[Site "Montreal CAN"]
[Date "1984.02.05"]
[Round "4"]
[White "Kopec, Danny"]
[Black "Hebert, Jean"]
[Result "0-1"]
[WhiteElo "2313"]
[BlackElo "2374"]
[PlyCount "48"]
[GameId "2160767912793332"]
[EventDate "1984.02.04"]
[EventType "swiss"]
[EventCountry "CAN"]

1. e4 c5 2. Nf3 Nc6 3. Bb5 e6 4. Nc3 Nd4 5. Nxd4 cxd4 6. Ne2 Qg5 7. Nxd4 Qc5 8. c3 e5 9. b4 Qb6 10. Bc4 exd4 11. Qb3 Nh6 12. d3 dxc3 13. Bxh6 gxh6 14. Bxf7+ Kd8 15. a3 Bg7 16. O-O Rf8 17. Kh1 d6 18. f4 Bd7 19. Rae1 Ke7 20. Bc4 Rac8 21. e5 dxe5 22. Qxc3 Be6 23. fxe5 Rxf1+ 24. Rxf1 Qe3 0-1

[Event "Specialiste-ch"]
[Site "Montreal CAN"]
[Date "1984.01.21"]
[Round "2"]
[White "Hebert, Jean"]
[Black "Rousseau, Daniel"]
[Result "1-0"]
[WhiteElo "2408"]
[BlackElo "1958"]
[PlyCount "107"]
[GameId "2160767912793414"]
[EventDate "1984.01.20"]
[EventType "swiss"]
[EventRounds "5"]
[EventCountry "CAN"]
[SourceTitle "hb 2011"]

1. c4 c5 2. Nf3 Nf6 3. Nc3 d5 4. cxd5 Nxd5 5. e4 Nb4 6. Bb5+ N8c6 7. d4 cxd4 8. a3 dxc3 9. Qxd8+ Kxd8 10. axb4 Nxb4 11. Ke2 Bg4 12. bxc3 Nc6 13. Bxc6 bxc6 14. Ra6 Kc7 15. Be3 Bc8 16. Bf4+ e5 17. Bxe5+ Bd6 18. Bxd6+ Kxd6 19. Ra5 Re8 20. Ke3 Re7 21. Rd1+ Kc7 22. Nd4 g6 23. Rda1 a6 24. Rb1 Bb7 25. Nb3 Kb6 26. Nd2+ Kc7 27. g4 Rd8 28. Nb3 Rd5 29. Nc5 Bc8 30. f3 Kd6 31. c4 Rxc5 32. Rd1+ Kc7 33. Rxc5 Kb6 34. Rg5 Be6 35. Rb1+ Kc7 36. Rb4 Bc8 37. Ra5 Rd7 38. Rb1 Rd8 39. g5 Rd7 40. c5 Rd8 41. Ra4 Rd7 42. Rd4 Re7 43. Kf4 Re8 44. Rd6 Re7 45. e5 Re8 46. h4 Re7 47. Rb6 Bb7 48. e6 fxe6 49. Ke5 a5 50. Kf6 Re8 51. Kf7 Ra8 52. Ke7 Kb8 53. Rd7 Ra7 54. Kd6 1-0

[Event "Premiere neige"]
[Site "Montreal CAN"]
[Date "1983.12.02"]
[Round "1"]
[White "Moshopoulos, Angelos"]
[Black "Hebert, Jean"]
[Result "0-1"]
[WhiteElo "1819"]
[BlackElo "2408"]
[PlyCount "50"]
[GameId "2160767912801908"]
[EventDate "1983.12.02"]
[EventType "swiss"]
[EventRounds "5"]
[EventCountry "CAN"]

1. e4 c5 2. Nf3 e6 3. d4 cxd4 4. Nxd4 Nf6 5. Nc3 d6 6. Be2 Be7 7. O-O O-O 8. Be3 a6 9. f4 Nc6 10. Kh1 Bd7 11. Qe1 Nxd4 12. Bxd4 Bc6 13. Qg3 b5 14. a3 Qb8 15. Bd3 b4 16. e5 Nh5 17. Qh3 g6 18. Ne4 Nxf4 19. Rxf4 dxe5 20. Qh6 f5 21. Nc5 exd4 22. Nxe6 Rf7 23. Bc4 Qb7 24. Nxd4 Bxg2+ 25. Kg1 Bd5 0-1

[Event "Premiere neige"]
[Site "Montreal CAN"]
[Date "1983.12.03"]
[Round "2"]
[White "Hebert, Jean"]
[Black "Fraser, Michel"]
[Result "0-1"]
[WhiteElo "2408"]
[BlackElo "1956"]
[PlyCount "106"]
[GameId "2160767912801909"]
[EventDate "1983.12.02"]
[EventType "swiss"]
[EventRounds "5"]
[EventCountry "CAN"]

1. e4 c5 2. Nf3 Nc6 3. Nc3 Nf6 4. d4 cxd4 5. Nxd4 e5 6. Ndb5 d6 7. Nd5 Nxd5 8. exd5 Ne7 9. c3 Nf5 10. a4 g6 11. Be2 Bg7 12. O-O O-O 13. b4 e4 14. Bg4 a6 15. Bxf5 axb5 16. Bxe4 Bxc3 17. Ra3 Bxb4 18. Rb3 Rxa4 19. Bh6 Bc5 20. Bxf8 Qxf8 21. Qb1 Bd7 22. Bd3 b4 23. Bc4 Qg7 24. Qd3 Qd4 25. Qe2 Ra1 26. Rbb1 Rxb1 27. Rxb1 Bg4 28. Qa2 b6 29. Rf1 h5 30. Qb3 Bf5 31. h3 Be4 32. Qa2 Qe5 33. Qe2 Qf5 34. Rd1 Bc2 35. Rf1 b3 36. g4 hxg4 37. hxg4 Qf4 38. Kg2 Be4+ 39. f3 Qxg4+ 40. Kh2 Qh5+ 41. Kg2 Qg5+ 42. Kh2 Bc2 43. f4 Qh5+ 44. Qxh5 gxh5 45. Kg3 Kf8 46. Kh4 Ke7 47. Kxh5 b5 48. Bxb5 b2 49. Kg5 b1=Q 50. Rxb1 Bxb1 51. Bc6 f6+ 52. Kg4 Be4 53. Bb7 Kd8 0-1

[Event "Premiere neige"]
[Site "Montreal CAN"]
[Date "1983.12.03"]
[Round "3"]
[White "Lacroix, Serge"]
[Black "Hebert, Jean"]
[Result "0-1"]
[WhiteElo "1861"]
[BlackElo "2408"]
[PlyCount "44"]
[GameId "2160767912801910"]
[EventDate "1983.12.02"]
[EventType "swiss"]
[EventRounds "5"]
[EventCountry "CAN"]

1. d4 Nf6 2. c4 e6 3. Nc3 Bb4 4. Qc2 c5 5. e3 O-O 6. a3 cxd4 7. exd4 Be7 8. Nf3 b6 9. Bd3 Bb7 10. Ng5 h6 11. Nge4 d5 12. cxd5 Nxd5 13. O-O Nc6 14. Be3 f5 15. Nxd5 exd5 16. Nc3 f4 17. Bd2 Nxd4 18. Qa4 Ne6 19. b4 f3 20. g3 Bg5 21. Rad1 Qc8 22. Nb1 Nc5 0-1

[Event "Premiere neige"]
[Site "Montreal CAN"]
[Date "1983.12.04"]
[Round "4"]
[White "Hebert, Jean"]
[Black "Vallieres, Mario"]
[Result "1-0"]
[WhiteElo "2408"]
[BlackElo "1928"]
[PlyCount "73"]
[GameId "2160767912801911"]
[EventDate "1983.12.02"]
[EventType "swiss"]
[EventRounds "5"]
[EventCountry "CAN"]

1. d4 f5 2. Bg5 Nf6 3. Bxf6 exf6 4. e3 d5 5. Bd3 Bd6 6. Nd2 c6 7. h4 Be6 8. Qf3 g6 9. h5 Kf7 10. Ne2 b5 11. O-O-O Na6 12. c3 Qe7 13. Nf4 Nc7 14. g4 Bxf4 15. gxf5 Bxf5 16. Bxf5 Bd6 17. Bd3 Ne6 18. hxg6+ hxg6 19. Rdg1 f5 20. Bxf5 gxf5 21. Qxf5+ Qf6 22. Rh7+ Rxh7 23. Qxh7+ Ng7 24. Nf3 Bf8 25. Ne5+ Ke8 26. f4 Rc8 27. Rg6 Qe7 28. Qh3 Rc7 29. f5 Kd8 30. f6 Qe8 31. fxg7 Rxg7 32. Rxc6 Rc7 33. Re6 Be7 34. Qf5 Qg8 35. Nc6+ Ke8 36. Rxe7+ Rxe7 37. Qc8+ 1-0

[Event "Premiere neige"]
[Site "Montreal CAN"]
[Date "1983.12.04"]
[Round "5"]
[White "Langlois, Charles"]
[Black "Hebert, Jean"]
[Result "0-1"]
[WhiteElo "2065"]
[BlackElo "2408"]
[PlyCount "78"]
[GameId "2160767912801912"]
[EventDate "1983.12.02"]
[EventType "swiss"]
[EventRounds "5"]
[EventCountry "CAN"]

1. e4 c5 2. Nf3 e6 3. d4 cxd4 4. Nxd4 Nc6 5. Nc3 a6 6. Be2 Qc7 7. Be3 b5 8. O-O Bb7 9. Nb3 d6 10. f4 Nf6 11. Bf3 Be7 12. Qe1 O-O 13. Qf2 Rac8 14. Rae1 Nd7 15. g4 Rfe8 16. g5 Bf8 17. h4 b4 18. Na4 Ne7 19. c3 d5 20. Nb6 dxe4 21. Nxc8 Rxc8 22. Bg2 Nf5 23. cxb4 Bxb4 24. Rc1 Qd8 25. Rxc8 Qxc8 26. Rc1 Qb8 27. Nc5 Bxc5 28. Bxc5 Bd5 29. b4 h6 30. a3 Qb5 31. Bh3 Qd3 32. Bxf5 exf5 33. Qe3 Nxc5 34. Qxc5 Qg3+ 35. Kf1 Qxf4+ 36. Ke1 e3 37. Rc2 Bf3 38. Qc4 Qg3+ 39. Kf1 Qh3+ 0-1

[Event "Quebec-ch"]
[Site "Montreal CAN"]
[Date "1983.06.09"]
[Round "1"]
[White "Bolduc, Steve"]
[Black "Hebert, Jean"]
[Result "1/2-1/2"]
[WhiteElo "2029"]
[BlackElo "2430"]
[PlyCount "69"]
[GameId "2160767912810518"]
[EventDate "1983.06.09"]
[EventType "tourn"]
[EventRounds "9"]
[EventCountry "CAN"]

1. d4 Nf6 2. c4 e6 3. Nf3 c5 4. d5 a6 5. a4 exd5 6. cxd5 d6 7. Nc3 g6 8. Bg5 h6 9. Bh4 Bg7 10. Nd2 g5 11. Bg3 Nh5 12. e3 Nxg3 13. hxg3 Nd7 14. Be2 O-O 15. Nc4 Qe7 16. Qd2 Rb8 17. a5 f5 18. f4 Nf6 19. Ra3 Bd7 20. Rb3 Bb5 21. Nb6 Bxe2 22. Qxe2 Rfe8 23. Nc4 Rbd8 24. Kd2 Ne4+ 25. Nxe4 Qxe4 26. Rd1 Qxd5+ 27. Kc1 Qc6 28. Rb6 Qa4 29. Rdxd6 Rxd6 30. Nxd6 Qxa5 31. Rxb7 Qa1+ 32. Kc2 Qa4+ 33. Kc1 Qa1+ 34. Kc2 Qa4+ 35. Kc1 1/2-1/2